El sombrero de tres picos
Збережено в:
| Автор: | |
|---|---|
| Формат: | Книга |
| Мова: | Undetermined |
| Опубліковано: |
San José, Costa Rica
Fernández Arce
1978
|
| Редагування: | 3 |
| Предмети: | |
| Теги: |
Додати тег
Немає тегів, Будьте першим, хто поставить тег для цього запису!
|
MARC
| LEADER | 00000nam a2200000Ia 4500 | ||
|---|---|---|---|
| 008 | 170316s9999 xx 000 0 und d | ||
| 040 | |a cru BVZT | ||
| 090 | |a 862 A-6s | ||
| 100 | |a Alarcón, Pedro Antonio de | ||
| 245 | |a El sombrero de tres picos | ||
| 250 | |a 3 | ||
| 260 | |a San José, Costa Rica | ||
| 260 | |b Fernández Arce | ||
| 260 | |c 1978 | ||
| 300 | |a 110 páginas | ||
| 650 | |a LITERATURA ESPAÑOLA | ||
| 999 | |c 9495 |d 9495 | ||
| 942 | |c 15 D |h 862 A-6s |2 z | ||
